[Event "POL-ch Seniors"]
[Site "Szklarska Poreba"]
[Date "2022.05.15"]
[Round "4"]
[White "Gasik, Jadwiga"]
[Black "Nowakowski, Jacek"]
[Result "1-0"]
[WhiteElo "1679"]
[BlackElo "1576"]
[PlyCount "25"]
[EventDate "2022.05.13"]
[EventType "swiss"]
[EventRounds "9"]
[EventCountry "POL"]
[SourceTitle "EXT 2024"]
[Source "ChessBase"]
[SourceDate "2023.10.10"]
[SourceVersion "1"]
[SourceVersionDate "2023.10.10"]
[SourceQuality "1"]

1. e4 c5 2. c3 e6 3. d4 d6 4. Nf3 Be7 5. Be3 Nf6 6. Nbd2 Nc6 7. h3 0-0 8. Be2 Qc7 9. 0-0 Rd8 10. Rc1 a6 11. Qe1 b5 12. Bf4 c4 13. e5 1-0

[Event "POL-chT 2nd League"]
[Site "Szklarska Poreba"]
[Date "2017.09.09"]
[Round "8.17"]
[White "Siedlinski, Piotr"]
[Black "Nowakowski, Jacek"]
[Result "1-0"]
[WhiteElo "2132"]
[BlackElo "1583"]
[PlyCount "51"]
[EventDate "2017.09.02"]
[EventType "team-swiss"]
[EventRounds "9"]
[EventCountry "POL"]
[SourceTitle "CBM 180 Extra"]
[Source "ChessBase"]
[SourceDate "2017.10.06"]
[SourceVersion "1"]
[SourceVersionDate "2017.10.06"]
[SourceQuality "1"]
[WhiteTeam "Jaworzno"]
[BlackTeam "Rzeszow"]
[WhiteTeamCountry "POL"]
[BlackTeamCountry "POL"]

1. e4 d6 2. d4 g6 3. Nc3 Bg7 4. Nf3 c6 5. a4 b6 6. Bc4 e6 7. Bg5 Ne7 8. Qd2 Ba6 9. Bxa6 Nxa6 10. Bh6 0-0 11. h4 d5 12. h5 dxe4 13. hxg6 exf3 14. Bxg7 fxg6 15. Qh6 fxg2 16. Qxh7+ Kf7 17. Bxf8+ Kxf8 18. Qh8+ Ng8 19. Rg1 Qg5 20. Ne4 Qf4 21. Qe5 Qxe5 22. dxe5 Nb4 23. 0-0-0 Nd5 24. Rxg2 Nge7 25. Ng5 Nf4 26. Rg4 1-0

[Event "Podkarpackie-ch"]
[Site "Pstragowa"]
[Date "2015.01.06"]
[Round "9"]
[White "Nowakowski, Jacek"]
[Black "Swiech, Joanna"]
[Result "1/2-1/2"]
[WhiteElo "1677"]
[BlackElo "1729"]
[PlyCount "57"]
[EventDate "2015.01.03"]
[EventType "swiss"]
[EventRounds "9"]
[EventCountry "POL"]
[SourceTitle "EXT 2019"]
[Source "ChessBase"]
[SourceDate "2018.10.10"]
[SourceVersion "1"]
[SourceVersionDate "2018.10.10"]
[SourceQuality "1"]

1. d4 d5 2. Bg5 Nf6 3. f3 e6 4. e3 Be7 5. Bd3 Nbd7 6. Ne2 0-0 7. 0-0 c5 8. c3 a6 9. e4 cxd4 10. cxd4 Nb6 11. Qc2 h6 12. Bf4 dxe4 13. fxe4 Nbd7 14. Bc7 Qe8 15. Nbc3 b5 16. e5 Nd5 17. Nxd5 exd5 18. Nf4 Bd8 19. Nxd5 Bb7 20. Bxd8 Bxd5 21. Ba5 Rc8 22. Qf2 Qe6 23. Bc3 Bc4 24. Qe2 Nb6 25. Qe4 Bxd3 26. Qxd3 Rc7 27. Ba5 Rd7 28. Bxb6 Qxb6 29. Rad1 1/2-1/2

[Event "Podkarpackie-ch"]
[Site "Pstragowa"]
[Date "2015.01.05"]
[Round "7"]
[White "Jurkiewicz, Zuzanna"]
[Black "Nowakowski, Jacek"]
[Result "0-1"]
[WhiteElo "1457"]
[BlackElo "1677"]
[PlyCount "82"]
[EventDate "2015.01.03"]
[EventType "swiss"]
[EventRounds "9"]
[EventCountry "POL"]
[SourceTitle "EXT 2019"]
[Source "ChessBase"]
[SourceDate "2018.10.10"]
[SourceVersion "1"]
[SourceVersionDate "2018.10.10"]
[SourceQuality "1"]

1. e4 c5 2. Nf3 d6 3. d4 cxd4 4. Nxd4 Nc6 5. c3 e5 6. Nb3 Nf6 7. Bd3 Be7 8. 0-0 Be6 9. Kh1 Qb6 10. f3 h6 11. N1d2 Rd8 12. Nc4 Qc7 13. Qe2 0-0 14. Re1 a5 15. Be3 Bxc4 16. Bxc4 d5 17. exd5 Nxd5 18. Bxd5 Rxd5 19. Qc4 Rfd8 20. Qg4 Kh8 21. Qf5 Bf8 22. Nc1 Nb8 23. Ne2 Qd7 24. Qxd7 Nxd7 25. Ng3 b5 26. a3 a4 27. Rad1 Nf6 28. Rxd5 Rxd5 29. Kg1 Nd7 30. Nf1 f6 31. Kf2 Bc5 32. Re2 Rd3 33. Bxc5 Nxc5 34. Re3 Rd1 35. Re2 Nd3+ 36. Ke3 Nf4 37. Rf2 Rb1 38. Ng3 Nd5+ 39. Ke4 Nb6 40. Nf5 Nc4 41. Ne3 Re1 0-1

[Event "Podkarpackie-ch"]
[Site "Pstragowa"]
[Date "2015.01.05"]
[Round "6"]
[White "Nowakowski, Jacek"]
[Black "Czopor, Maciej"]
[Result "0-1"]
[WhiteElo "1677"]
[BlackElo "1714"]
[PlyCount "63"]
[EventDate "2015.01.03"]
[EventType "swiss"]
[EventRounds "9"]
[EventCountry "POL"]
[SourceTitle "EXT 2019"]
[Source "ChessBase"]
[SourceDate "2018.10.10"]
[SourceVersion "1"]
[SourceVersionDate "2018.10.10"]
[SourceQuality "1"]

1. d4 Nf6 2. Bg5 Ne4 3. Bh4 d5 4. f3 Nf6 5. e3 Nbd7 6. c4 c6 7. Nc3 Qb6 8. Qc2 e5 9. c5 Qc7 10. Bd3 Be7 11. Nge2 Nf8 12. 0-0 Nh5 13. Bf2 Be6 14. b4 Ng6 15. Ng3 Nf6 16. Bf5 0-0 17. Rfe1 Rad8 18. b5 Rfe8 19. Qa4 Ra8 20. Rac1 Bf8 21. Bd3 exd4 22. exd4 Nf4 23. Bf1 g6 24. bxc6 bxc6 25. Ba6 Rab8 26. Nge2 Bh6 27. Bg3 N6h5 28. Nxf4 Bxf4 29. Bxf4 Nxf4 30. Rb1 Kg7 31. Rxb8 Rxb8 32. Rb1 0-1

[Event "POL-chT 2nd League"]
[Site "Szczyrk"]
[Date "2014.09.14"]
[Round "9.100"]
[White "Madej, Roman"]
[Black "Nowakowski, Jacek"]
[Result "1-0"]
[WhiteElo "1941"]
[BlackElo "1686"]
[PlyCount "65"]
[EventDate "2014.09.06"]
[EventType "team-swiss"]
[EventRounds "9"]
[EventCountry "POL"]
[SourceTitle "EXT 2015"]
[Source "ChessBase"]
[SourceDate "2014.11.20"]
[SourceVersion "1"]
[SourceVersionDate "2014.11.20"]
[SourceQuality "1"]
[WhiteTeam "Drogowiec"]
[BlackTeam "Rzeszow RzKSz"]
[WhiteTeamCountry "POL"]
[BlackTeamCountry "POL"]

1. d4 f5 2. c4 e6 3. Nc3 Nf6 4. g3 Be7 5. Bg2 d6 6. Nf3 0-0 7. 0-0 Nc6 8. Ng5 h6 9. d5 hxg5 10. dxc6 bxc6 11. Bxg5 Ba6 12. Qa4 Bc8 13. Rad1 Kf7 14. Qc2 Rh8 15. h4 Nh7 16. Bxe7 Qxe7 17. e4 g5 18. exf5 gxh4 19. fxe6+ Kg7 20. Nd5 Qg5 21. Qc3+ Nf6 22. f4 Qh6 23. g4 Bxe6 24. g5 Qg6 25. Qxf6+ Qxf6 26. Nxf6 Bxc4 27. Rfe1 h3 28. Bf3 h2+ 29. Kh1 Rh3 30. Bg2 Rh4 31. f5 Bxa2 32. Re7+ Kf8 33. Rde1 1-0

[Event "POL-chT 2nd League"]
[Site "Szczyrk"]
[Date "2014.09.06"]
[Round "1.100"]
[White "Mazalon, Mariusz"]
[Black "Nowakowski, Jacek"]
[Result "1-0"]
[WhiteElo "2037"]
[BlackElo "1686"]
[PlyCount "73"]
[EventDate "2014.09.06"]
[EventType "team-swiss"]
[EventRounds "9"]
[EventCountry "POL"]
[SourceTitle "EXT 2015"]
[Source "ChessBase"]
[SourceDate "2014.11.20"]
[SourceVersion "1"]
[SourceVersionDate "2014.11.20"]
[SourceQuality "1"]
[WhiteTeam "Bydgoszcz Chemik"]
[BlackTeam "Rzeszow RzKSz"]
[WhiteTeamCountry "POL"]
[BlackTeamCountry "POL"]

1. d4 d5 2. c4 e5 3. dxe5 d4 4. Nf3 Nc6 5. g3 Bb4+ 6. Bd2 Nge7 7. Bg2 Be6 8. Qb3 Bxd2+ 9. Nbxd2 Rb8 10. Qa4 0-0 11. 0-0 Nf5 12. b4 f6 13. exf6 Qxf6 14. Rac1 a6 15. b5 axb5 16. cxb5 Ra8 17. Qd1 Ne5 18. a4 Nxf3+ 19. Bxf3 c6 20. bxc6 bxc6 21. Rxc6 Qf7 22. Qc2 Bd5 23. Rc5 d3 24. Qxd3 Bxf3 25. Nxf3 Rad8 26. Qc4 Nd6 27. Qxf7+ Nxf7 28. a5 Rde8 29. e3 Nd6 30. Kg2 Ne4 31. Re5 Rxe5 32. Nxe5 Rf5 33. f4 Nd2 34. Rd1 Nb3 35. Rd8+ Rf8 36. Rxf8+ Kxf8 37. a6 1-0

[Event "POL-chT3 Podkarpackie"]
[Site "Pstragowa"]
[Date "2014.05.01"]
[Round "2.4"]
[White "Nowakowski, Jacek"]
[Black "Zaskalski, Pawel"]
[Result "1/2-1/2"]
[WhiteElo "1644"]
[BlackElo "2153"]
[PlyCount "29"]
[EventDate "2014.04.30"]
[EventType "team-tourn"]
[EventRounds "9"]
[EventCountry "POL"]
[SourceTitle "EXT 2015"]
[Source "ChessBase"]
[SourceDate "2014.11.20"]
[SourceVersion "1"]
[SourceVersionDate "2014.11.20"]
[SourceQuality "1"]
[WhiteTeam "Rzeszow"]
[BlackTeam "Mielec"]
[WhiteTeamCountry "POL"]
[BlackTeamCountry "POL"]

1. d4 d5 2. Nf3 e6 3. Bg5 Be7 4. Bxe7 Qxe7 5. Nbd2 f5 6. e3 Nf6 7. c4 c6 8. Bd3 0-0 9. 0-0 Ne4 10. Ne5 Nd7 11. Nxd7 Bxd7 12. f3 Nxd2 13. Qxd2 Be8 14. Rae1 Bg6 15. Qc2 1/2-1/2